[Event "?"]
[Site "?"]
[Date "2011.06.03"]
[Round "3.20"]
[White "Zacke, Gregor"]
[Black "Renn, Kevin"]
[Result "1-0"]
[WhiteElo "956"]
[BlackElo "1200"]
[PlyCount "91"]
[EventDate "2011.??.??"]
[WhiteTeam "SV Stuttgart-Wolfbusch 1956 e.V."]
[BlackTeam "Le Cavalier (Differange) - Luxem"]

1. e4 e5 2. Nf3 Nc6 3. Bb5 Nf6 4. Nc3 d5 5. Bxc6+ bxc6 6. exd5 cxd5 7. Nxe5 Qe7
8. d4 Rb8 9. Bg5 h6 10. Nxd5 Qd8 11. Bxf6 gxf6 12. Nc6 Qxd5 13. Qe2+ Be6 14.
Nxb8 Rg8 15. Rg1 Be7 16. O-O-O Bg4 17. f3 Kf8 18. fxg4 Bb4 19. c3 Kg7 20. cxb4
Rxb8 21. a3 a5 22. Qf3 Qc4+ 23. Qc3 Qa2 24. Qxc7 Rb5 25. Qc6 Rd5 26. b5 a4 27.
b6 Qb3 28. b7 Rb5 29. Rgf1 Rxb7 30. Qxf6+ Kf8 31. d5 Rc7+ 32. Kb1 Qc2+ 33. Ka1
Qh7 34. Qd8+ Kg7 35. Qxc7 Qg6 36. Qe5+ f6 37. Qe7+ Qf7 38. Qxf7+ Kxf7 39. Rfe1
Kg6 40. h4 f5 41. Re6+ Kh7 42. gxf5 h5 43. d6 Kg7 44. d7 Kf8 45. d8=R+ Kf7 46.
R1d7# 1-0

[Event "?"]
[Site "?"]
[Date "2011.06.03"]
[Round "3.21"]
[White "Fey, Karl-Heinz"]
[Black "Dahm, Simon"]
[Result "0-1"]
[WhiteElo "815"]
[BlackElo "1173"]
[PlyCount "42"]
[EventDate "2011.??.??"]
[WhiteTeam "SC 1926 Haßloch"]
[BlackTeam "Spvgg Böblingen"]

1. c4 c5 2. Nc3 e6 3. g3 Nf6 4. e4 Nc6 5. Bg2 Be7 6. Nf3 d6 7. O-O O-O 8. d3
Bd7 9. h3 a6 10. a4 Rb8 11. Be3 e5 12. Nd2 Nb4 13. Qc2 Nxc2 14. Rac1 Nb4 15. f4
exf4 16. Rxf4 Nxd3 17. Rcf1 Nxf4 18. gxf4 Qc8 19. Nd5 Nxd5 20. cxd5 Bxh3 21.
Bxh3 Qxh3 0-1

[Event "?"]
[Site "?"]
[Date "2011.06.03"]
[Round "3.23"]
[White "Reichardt, Julius"]
[Black "Bressmer, Lisa"]
[Result "0-1"]
[WhiteElo "812"]
[BlackElo "968"]
[PlyCount "50"]
[EventDate "2011.??.??"]
[WhiteTeam "SF Markgräflerland e."]
[BlackTeam "SV Ebersbach"]

1. Nf3 d5 2. c4 e6 3. cxd5 exd5 4. d4 Ne7 5. e3 g6 6. Be2 Bg7 7. O-O O-O 8. Nc3
c6 9. Bd2 Nd7 10. b4 Nf6 11. Rc1 Bg4 12. h3 Bxf3 13. Bxf3 Nf5 14. Bg4 Nh6 15.
Be2 Qd7 16. a4 a6 17. b5 axb5 18. axb5 Rfe8 19. b6 Bf8 20. Rb1 Bd6 21. f4 Qe6
22. Re1 Nf5 23. Bd3 c5 24. Bxf5 Qxf5 25. Qg4 Nxg4 0-1

[Event "?"]
[Site "?"]
[Date "2011.06.03"]
[Round "4.1"]
[White "Böse, Martin"]
[Black "Graf, Maximilian"]
[Result "1/2-1/2"]
[WhiteElo "1436"]
[BlackElo "1494"]
[PlyCount "31"]
[EventDate "2011.??.??"]
[BlackTeam "SK e4 Gerlingen"]

1. d4 d5 2. c4 e6 3. cxd5 exd5 4. Nc3 Nf6 5. e3 Be6 6. Nf3 c6 7. Bd3 Nbd7 8.
O-O Bd6 9. h3 Qc7 10. Qc2 O-O 11. a3 Rac8 12. Bd2 a6 13. b4 b5 14. Rfe1 Rfe8
15. e4 dxe4 16. Nxe4 1/2-1/2

[Event "?"]
[Site "?"]
[Date "2011.06.03"]
[Round "4.2"]
[White "Bitzel, Hubert"]
[Black "Vogel, Uwe"]
[Result "0-1"]
[WhiteElo "1494"]
[BlackElo "1339"]
[PlyCount "76"]
[EventDate "2011.??.??"]
[WhiteTeam "TSF Ditzingen"]
[BlackTeam "SC Gross-Sachsenheim"]

1. e4 e6 2. d4 d5 3. e5 c5 4. c3 Nc6 5. f4 Bd7 6. Nf3 Nh6 7. Bd3 Rc8 8. Be3
cxd4 9. cxd4 Nb4 10. Nc3 Nxd3+ 11. Qxd3 Nf5 12. Bf2 Bb4 13. O-O a6 14. a3 Bxc3
15. bxc3 Bb5 16. Qd2 Bxf1 17. Kxf1 O-O 18. g4 Ne7 19. Bh4 Qc7 20. Rc1 Ng6 21.
Be1 f6 22. f5 exf5 23. gxf5 Ne7 24. e6 Nxf5 25. Qc2 Rce8 26. Qd3 Qc4 27. Qxc4
Ne3+ 28. Kg1 Nxc4 29. a4 Rxe6 30. Kf2 Rfe8 31. Rc2 g5 32. h3 h5 33. Kg3 Rxe1
34. Nxe1 Rxe1 35. Rf2 Kg7 36. Rf5 h4+ 37. Kf2 Rf1+ 38. Kxf1 Ne3+ 0-1

[Event "?"]
[Site "?"]
[Date "2011.06.03"]
[Round "4.3"]
[White "Basaran, Mehmet"]
[Black "Fröhlich, Bodo"]
[Result "1/2-1/2"]
[WhiteElo "1456"]
[BlackElo "1467"]
[PlyCount "130"]
[EventDate "2011.??.??"]
[WhiteTeam "SV Unterkochen"]
[BlackTeam "SC Böblingen 1975 e.V."]

1. e4 d6 2. d4 e6 3. Nc3 Be7 4. Nf3 Nf6 5. Bd3 c5 6. Bb5+ Bd7 7. dxc5 Bxb5 8.
Nxb5 Qa5+ 9. Nc3 Nxe4 10. cxd6 Bxd6 11. O-O Nxc3 12. Qxd6 Nd5 13. c4 Qc7 14.
Qxc7 Nxc7 15. Bf4 Nca6 16. Bd6 Nc6 17. a3 Rc8 18. b4 Ne7 19. c5 f6 20. Nd4 Kf7
21. Rfe1 e5 22. Bxe7 Kxe7 23. Nf5+ Kf8 24. Nd6 Rc7 25. Nb5 Rd7 26. Rad1 Rxd1
27. Rxd1 Ke7 28. Nxa7 Nc7 29. c6 bxc6 30. Nxc6+ Ke6 31. Rd8 Rxd8 32. Nxd8+ Kd7
33. Nb7 Kc6 34. Nc5 g6 35. Kf1 f5 36. Ke2 e4 37. f3 exf3+ 38. Kxf3 Nb5 39. a4
Nd4+ 40. Kf4 Nc2 41. a5 Nxb4 42. a6 Nd5+ 43. Kg5 Kxc5 44. a7 Nc7 45. Kh6 Kb6
46. Kxh7 Kxa7 47. Kxg6 Nd5 48. Kxf5 Ne3+ 49. Kf4 Nxg2+ 50. Kg3 Ne3 51. Kf3 Nf5
52. h3 Kb7 53. Kf4 Ng7 54. h4 Kc7 55. Kg5 Kd7 56. Kg6 Ne6 57. Kf6 Nf4 58. Kf5
Ne6 59. Kf6 Nf4 60. Kg5 Ne6+ 61. Kg4 Ng7 62. Kf4 Ke7 63. Kg5 Kf7 64. Kh6 Nf5+
65. Kg5 Nxh4 1/2-1/2

[Event "?"]
[Site "?"]
[Date "2011.06.03"]
[Round "4.4"]
[White "Su, Kai"]
[Black "Winterkorn, Nikolaus"]
[Result "1/2-1/2"]
[WhiteElo "1395"]
[BlackElo "1487"]
[PlyCount "66"]
[EventDate "2011.??.??"]
[WhiteTeam "Spvgg Böblingen"]
[BlackTeam "DJK Sportbund Stuttgart e.V."]

1. e4 e5 2. Nf3 d6 3. d4 exd4 4. Nxd4 Nf6 5. Nc3 h6 6. Be2 Be7 7. Be3 a6 8. a4
Bd7 9. Qd2 Nc6 10. O-O O-O 11. f3 Nxd4 12. Bxd4 Be6 13. Be3 Nh7 14. Rad1 Bf6
15. b3 Qe7 16. Nd5 Bxd5 17. exd5 Rfd8 18. Bc4 Re8 19. Rfe1 Qd7 20. Kh1 Re7 21.
Re2 Rae8 22. Rde1 Bh4 23. g3 Bf6 24. Bd4 Rxe2 25. Rxe2 Rxe2 26. Bxe2 Qe7 27.
Qe3 Kf8 28. Qxe7+ Kxe7 29. Be3 Bc3 30. Kg2 Nf6 31. Bc4 Nd7 32. f4 Nb6 33. Bxb6
cxb6 1/2-1/2

[Event "?"]
[Site "?"]
[Date "2011.06.03"]
[Round "4.5"]
[White "Dallinger, Moritz"]
[Black "Watz, Roland"]
[Result "1/2-1/2"]
[WhiteElo "1489"]
[BlackElo "1121"]
[PlyCount "58"]
[EventDate "2011.??.??"]
[WhiteTeam "SV Stuttgart-Wolfbusch 1956 e.V."]
[BlackTeam "SC Böblingen 1975 e.V."]

1. e4 e5 2. Nf3 Nc6 3. Bb5 d6 4. c3 Bd7 5. O-O Nf6 6. Re1 Be7 7. d4 exd4 8.
cxd4 O-O 9. Nc3 a6 10. Ba4 b5 11. Bc2 Na7 12. e5 dxe5 13. dxe5 Ne8 14. Nd5 Bc5
15. b4 Bb6 16. Nxb6 cxb6 17. Be4 Rc8 18. Ng5 g6 19. Nf3 Ng7 20. Bg5 Qc7 21. Be7
Rfe8 22. Rc1 Qxc1 23. Qxd7 Qc7 24. Qxc7 Rxc7 25. Bd6 Rc3 26. Bd5 Ne6 27. Kf1
Rec8 28. Bb7 Rd8 29. Re3 Rxe3 1/2-1/2

[Event "?"]
[Site "?"]
[Date "2011.06.03"]
[Round "4.6"]
[White "Su, Jahn"]
[Black "Shankar, Ajay"]
[Result "1-0"]
[WhiteElo "1474"]
[BlackElo "1103"]
[PlyCount "33"]
[EventDate "2011.??.??"]
[WhiteTeam "Spvgg Böblingen"]
[BlackTeam "SG Königskinder Hohentübingen e."]

1. e4 e5 2. Nf3 Nc6 3. d4 exd4 4. Nxd4 Nxd4 5. Qxd4 Nf6 6. Nc3 d6 7. Be2 Be7 8.
f3 Be6 9. Be3 a6 10. g4 c5 11. Qd2 h6 12. O-O-O b5 13. a3 Qa5 14. Nd5 b4 15.
Nxe7 Kxe7 16. Qxd6+ Ke8 17. Qc6+ 1-0

[Event "?"]
[Site "?"]
[Date "2011.06.03"]
[Round "4.7"]
[White "Thomas, Leonhard"]
[Black "Yaka, Fatih"]
[Result "1/2-1/2"]
[WhiteElo "1279"]
[BlackElo "1036"]
[PlyCount "109"]
[EventDate "2011.??.??"]
[WhiteTeam "SV Fellbach"]
[BlackTeam "SK Bebenhausen 1992"]

1. e4 c6 2. Nc3 d5 3. exd5 cxd5 4. Bb5+ Nc6 5. Bxc6+ bxc6 6. d3 Bf5 7. Qf3 Qd7
8. Nge2 e5 9. h3 Nf6 10. Ng3 Bg6 11. O-O Bc5 12. Re1 Qd6 13. Nf5 Bxf5 14. Qxf5
Nd7 15. Qg4 Qg6 16. Qxg6 fxg6 17. Nd1 O-O 18. Be3 d4 19. Bd2 Bd6 20. f3 c5 21.
b3 a5 22. Nf2 Rfe8 23. a4 Nf6 24. Ne4 Bb8 25. Rac1 Nxe4 26. fxe4 Rf8 27. Rf1
Bc7 28. g3 Ra6 29. Bg5 Bd6 30. Rxf8+ Kxf8 31. Rf1+ Ke8 32. Kg2 Be7 33. Bxe7
Kxe7 34. g4 Rf6 35. Rf3 h6 36. Kg3 g5 37. Kf2 Rf4 38. Ke2 Kf6 39. Kf2 g6 40.
Kg2 h5 41. Kg3 h4+ 42. Kg2 Rxf3 43. Kxf3 Ke6 44. Ke2 Kd6 45. Kd2 Kc6 46. Kc1
Kb6 47. Kb2 Kc6 48. c3 Kb6 49. cxd4 exd4 50. Kc2 Kc6 51. Kd2 Kd6 52. Ke2 Ke6
53. Kf3 Ke5 54. Kf2 Kf6 55. Ke2 1/2-1/2

[Event "?"]
[Site "?"]
[Date "2011.06.03"]
[Round "4.8"]
[White "Konz, Andreas"]
[Black "Jüttner, Mark"]
[Result "1-0"]
[WhiteElo "1255"]
[BlackElo "977"]
[PlyCount "65"]
[EventDate "2011.??.??"]
[WhiteTeam "SV Marbach"]
[BlackTeam "SpVgg Rommelshausen"]

1. d4 d5 2. c4 Nf6 3. Nc3 Nc6 4. Nf3 Bg4 5. e3 e6 6. Be2 Bb4 7. Bd2 b6 8. cxd5
exd5 9. Bb5 Qd6 10. Qa4 Bd7 11. O-O O-O 12. Rac1 Ne4 13. Nxe4 dxe4 14. Bxc6
Bxc6 15. Rxc6 Qe7 16. Bxb4 Qd7 17. Ne5 Qf5 18. Bxf8 Rxf8 19. Rxc7 a5 20. Qd7
Qf6 21. Rc8 h5 22. Qb7 h4 23. Rxf8+ Kxf8 24. Nd7+ Kg8 25. Nxf6+ gxf6 26. Rc1
Kg7 27. Qxe4 b5 28. Qg4+ Kf8 29. Rc8+ Ke7 30. Qe4+ Kd7 31. Qc6+ Ke7 32. Rc7+
Kd8 33. Qd7# 1-0

[Event "?"]
[Site "?"]
[Date "2011.06.03"]
[Round "4.9"]
[White "Merk, Daniel"]
[Black "Sandmeyer, Alexander"]
[Result "1-0"]
[WhiteElo "1126"]
[BlackElo "1196"]
[PlyCount "139"]
[EventDate "2011.??.??"]
[WhiteTeam "Schach-Pinguine Murrhardt e.V."]
[BlackTeam "Stuttgarter SF 1879"]

1. e4 c5 2. Nf3 Nc6 3. d4 cxd4 4. Nxd4 g6 5. Nxc6 bxc6 6. Nc3 Bg7 7. Bc4 e6 8.
Bd2 Ne7 9. O-O O-O 10. Qc1 d5 11. exd5 cxd5 12. Bd3 Bb7 13. Bh6 d4 14. Ne2 Qd5
15. Nf4 Qc6 16. Bxg7 Kxg7 17. f3 e5 18. Be4 Qb6 19. Bxb7 Qxb7 20. Nd3 Nc6 21.
Nc5 Qc7 22. Ne4 Qb6 23. Qg5 f6 24. Qg3 d3+ 25. Qf2 Qxf2+ 26. Rxf2 dxc2 27. Rxc2
Nd4 28. Rd2 Rac8 29. f4 Rc2 30. Rad1 Rxd2 31. Rxd2 Nf5 32. fxe5 fxe5 33. Rd7+
Rf7 34. Rxf7+ Kxf7 35. Kf2 Ke6 36. Ng5+ Kd5 37. Nxh7 Kd4 38. Ke2 e4 39. Nf8 Ne7
40. Ne6+ Ke5 41. Nc5 Nd5 42. a3 Nf4+ 43. Kf2 Kd4 44. g3 e3+ 45. Kf3 Kxc5 46.
gxf4 Kd4 47. Ke2 Ke4 48. a4 a5 49. f5 gxf5 50. h4 Ke5 51. Kxe3 f4+ 52. Kf3 Kf5
53. h5 Kg5 54. h6 Kxh6 55. Kxf4 Kg6 56. Ke5 Kf7 57. Kd5 Ke7 58. Kc6 Kd8 59. Kb6
Kc8 60. Kxa5 Kb7 61. b4 Ka7 62. Kb5 Kb7 63. a5 Ka7 64. Kc5 Ka6 65. b5+ Kb7 66.
b6 Kb8 67. Kc6 Ka8 68. b7+ Kb8 69. a6 Ka7 70. Kc7 1-0

[Event "?"]
[Site "?"]
[Date "2011.06.03"]
[Round "4.10"]
[White "Klein, Werner"]
[Black "Reichmann, Bernd"]
[Result "0-1"]
[WhiteElo "1083"]
[BlackElo "1165"]
[PlyCount "61"]
[EventDate "2011.??.??"]
[WhiteTeam "SV Stuttgart-Wolfbusch 1956 e.V."]
[BlackTeam "SV Fellbach"]

1. e4 e5 2. Nf3 Nc6 3. Bc4 Bc5 4. d3 h6 5. a3 a6 6. b4 Ba7 7. Bb2 d6 8. O-O Nf6
9. h3 O-O 10. c3 Re8 11. Re1 Be6 12. Qb3 Qc8 13. d4 Bxc4 14. Qxc4 exd4 15. cxd4
Rxe4 16. Rxe4 Nxe4 17. Kf1 Qd8 18. Nbd2 Nxd2+ 19. Nxd2 Qd7 20. Re1 Re8 21. Nf3
Rxe1+ 22. Nxe1 d5 23. Qd3 Qe6 24. Nf3 Qe4 25. Qxe4 dxe4 26. d5 exf3 27. dxc6
bxc6 28. Be5 fxg2+ 29. Kxg2 Bb6 30. Kf3 f6 31. Bd4 0-1

[Event "?"]
[Site "?"]
[Date "2011.06.03"]
[Round "4.12"]
[White "Erben, Katrin"]
[Black "Günay, Nuri"]
[Result "1-0"]
[WhiteElo "1266"]
[BlackElo "831"]
[PlyCount "67"]
[EventDate "2011.??.??"]
[WhiteTeam "SV Stuttgart-Wolfbusch 1956 e.V."]
[BlackTeam "SC Gross-Sachsenheim"]

1. e4 e6 2. d4 d5 3. exd5 exd5 4. Qe2+ Be7 5. Nc3 Nf6 6. Bg5 O-O 7. O-O-O Nc6
8. g3 Bf5 9. Bg2 Bb4 10. Nxd5 Re8 11. Qc4 Be7 12. Nxe7+ Qxe7 13. Nf3 Bg4 14.
Rhe1 Qd6 15. Bf4 Qb4 16. Qxb4 Nxb4 17. a3 Nbd5 18. h3 Bh5 19. g4 Nxf4 20. gxh5
Nxg2 21. Rg1 Nf4 22. h6 g6 23. Rh1 Ne4 24. Rdf1 Ne2+ 25. Kd1 N2g3 26. fxg3 Nxg3
27. c3 Nxh1 28. Rxh1 b6 29. Rg1 Re3 30. Rf1 Rae8 31. Ne5 Rxh3 32. Rxf7 c5 33.
Rg7+ Kf8 34. Nd7# 1-0

[Event "?"]
[Site "?"]
[Date "2011.06.03"]
[Round "4.13"]
[White "Sax, Leon"]
[Black "Naizghi, Agazit-Aida"]
[Result "1-0"]
[WhiteElo "1185"]
[BlackElo "806"]
[PlyCount "77"]
[EventDate "2011.??.??"]

1. e4 e5 2. Bc4 Nf6 3. Nf3 Nc6 4. Ng5 d5 5. exd5 Nxd5 6. Nxf7 Kxf7 7. Qf3+ Qf6
8. Bxd5+ Be6 9. Bxc6 bxc6 10. Qxc6 Bd6 11. Nc3 Bf5 12. d3 Rhd8 13. Ne4 Qe7 14.
Bg5 Qd7 15. Qxd7+ Rxd7 16. O-O Be7 17. Bxe7 Rxe7 18. Rfe1 h6 19. Ng3 Bg6 20.
Ne2 Rd8 21. f4 e4 22. dxe4 Bxe4 23. c3 c5 24. Ng3 Bc6 25. Rxe7+ Kxe7 26. Re1+
Kf6 27. Ne4+ Bxe4 28. Rxe4 Kf5 29. Rc4 Rc8 30. b4 Ke6 31. Kf2 Kd5 32. Rxc5+
Rxc5 33. bxc5 Kxc5 34. Ke2 Kc4 35. Kd2 a5 36. Kc2 a4 37. Kb2 g5 38. fxg5 hxg5
39. g3 1-0

[Event "?"]
[Site "?"]
[Date "2011.06.03"]
[Round "4.14"]
[White "Hauger, Albrecht"]
[Black "Bauersfeld, Jasmin"]
[Result "1/2-1/2"]
[WhiteElo "954"]
[BlackElo "1182"]
[PlyCount "84"]
[EventDate "2011.??.??"]

1. d4 Nf6 2. c4 g6 3. Nc3 Bg7 4. Nf3 d6 5. Bf4 O-O 6. e4 Bg4 7. d5 Nbd7 8. h3
Bxf3 9. Qxf3 e5 10. Bg5 h6 11. Bxf6 Nxf6 12. Bd3 Nh5 13. g3 Qd7 14. Qg2 f5 15.
Ne2 Qf7 16. f3 Rae8 17. Kd2 fxe4 18. Bxe4 Nf6 19. Rhf1 Nxe4+ 20. fxe4 Qe7 21.
Rxf8+ Rxf8 22. Rf1 Qg5+ 23. Kd3 Rxf1 24. Qxf1 c6 25. Qc1 Qxc1 26. Nxc1 Kf7 27.
Ke3 Kf6 28. Kf3 Kg5 29. Ne2 h5 30. g4 hxg4+ 31. hxg4 Kh4 32. b3 Bh6 33. Ng1 c5
34. Ne2 Bd2 35. Ng1 Bh6 36. a3 a5 37. a4 b6 38. Ne2 Bd2 39. Ng1 Bh6 40. Ne2 Bd2
41. Ng1 Bh6 42. Ne2 Bd2 1/2-1/2

[Event "?"]
[Site "?"]
[Date "2011.06.03"]
[Round "4.15"]
[White "Dahm, Simon"]
[Black "Langjahr, Marius"]
[Result "1-0"]
[WhiteElo "1173"]
[BlackElo "972"]
[PlyCount "73"]
[EventDate "2011.??.??"]

1. e4 e6 2. d4 d5 3. exd5 exd5 4. Nc3 Nf6 5. Bd3 Bb4 6. Bd2 O-O 7. Nge2 Bd7 8.
O-O Bd6 9. Nf4 Nc6 10. Ncxd5 Nxd5 11. Nxd5 Nxd4 12. Bc3 Nf5 13. Qf3 Nh6 14. Qe4
g6 15. Nf6+ Kg7 16. Nxd7+ f6 17. Nxf8 Qxf8 18. g4 Re8 19. Qc4 b5 20. Qxb5 Nxg4
21. Qd7+ Re7 22. Qxg4 Be5 23. Bb4 Bd6 24. Bxd6 cxd6 25. f4 f5 26. Qh4 Re3 27.
Rae1 Qe8 28. Rxe3 Qxe3+ 29. Qf2 Qxf2+ 30. Kxf2 a5 31. a4 d5 32. b4 axb4 33. a5
h6 34. a6 g5 35. a7 gxf4 36. a8=Q Kg6 37. Rg1+ 1-0

[Event "?"]
[Site "?"]
[Date "2011.06.03"]
[Round "4.17"]
[White "Gheng, Paul Dominik"]
[Black "Dallinger, Frank"]
[Result "1-0"]
[WhiteElo "1114"]
[BlackElo "955"]
[PlyCount "37"]
[EventDate "2011.??.??"]

1. e4 e5 2. Nf3 Nc6 3. Bb5 Nf6 4. O-O Nxe4 5. Re1 d5 6. Nxe5 Qf6 7. Nf3 Bc5 8.
d4 Bb6 9. Nc3 O-O 10. Nxd5 Qf5 11. Bxc6 bxc6 12. Ne7+ Kh8 13. Nxf5 Bxf5 14. Ne5
Rad8 15. c3 c5 16. Qf3 g6 17. Rxe4 cxd4 18. Bh6 Bxe4 19. Qf6+ 1-0

[Event "?"]
[Site "?"]
[Date "2011.06.03"]
[Round "4.18"]
[White "Jüttner, Dennis"]
[Black "Eberhardt, Juliane"]
[Result "1-0"]
[WhiteElo "943"]
[BlackElo "1030"]
[PlyCount "77"]
[EventDate "2011.??.??"]

1. e4 e5 2. f4 d5 3. d3 dxe4 4. dxe4 Qxd1+ 5. Kxd1 Bg4+ 6. Be2 Nf6 7. Bxg4 Nxg4
8. Ke1 Bc5 9. Ne2 Bf2+ 10. Kf1 Bd4 11. Nbc3 Nc6 12. fxe5 Ncxe5 13. Nxd4 O-O-O
14. Nf5 g6 15. Ng3 Nc4 16. Ke2 h5 17. h3 h4 18. Nf1 Nge5 19. Ne3 Nxe3 20. Bxe3
Nc4 21. b3 Nxe3 22. Kxe3 Rhe8 23. Rad1 Rxd1 24. Rxd1 f5 25. Nd5 fxe4 26. Nf6
Rd8 27. Rxd8+ Kxd8 28. Nxe4 Kd7 29. Kd4 Kc6 30. c4 a6 31. b4 b5 32. a3 Kb6 33.
Nc3 c6 34. a4 a5 35. bxa5+ Kxa5 36. axb5 cxb5 37. cxb5 g5 38. Kd5 Kb4 39. b6
1-0

[Event "?"]
[Site "?"]
[Date "2011.06.03"]
[Round "4.19"]
[White "Maly, Jan"]
[Black "Zacke, Tamara"]
[Result "0-1"]
[WhiteElo "811"]
[BlackElo "992"]
[PlyCount "38"]
[EventDate "2011.??.??"]

1. e4 e5 2. Nf3 Nc6 3. Bc4 Bc5 4. d3 d6 5. Ng5 Nh6 6. Nf3 O-O 7. Bxh6 gxh6 8.
Nc3 Be6 9. O-O Qf6 10. h3 Kh8 11. Ne2 Rg8 12. Ng3 Rxg3 13. Kh2 Rxg2+ 14. Kxg2
Rg8+ 15. Kh1 Bxh3 16. Rg1 Bg4 17. Rg3 Bxf3+ 18. Rxf3 Qh4+ 19. Rh3 Qxh3# 0-1

[Event "?"]
[Site "?"]
[Date "2011.06.03"]
[Round "4.21"]
[White "Renn, Kevin"]
[Black "Renn, Max"]
[Result "1-0"]
[WhiteElo "1200"]
[BlackElo "1200"]
[PlyCount "48"]
[EventDate "2011.??.??"]
[WhiteTeam "Le Cavalier (Differange) - Luxem"]
[BlackTeam "Le Cavalier (Differange) - Luxem"]

1. e4 e5 2. Nf3 Nc6 3. d4 exd4 4. Nxd4 Nxd4 5. Qxd4 Nf6 6. Bg5 Bb4+ 7. c3 Ba5
8. e5 d6 9. exf6 gxf6 10. Bxf6 Qd7 11. Bxh8 Qe7+ 12. Be2 Bg4 13. O-O Bxe2 14.
Re1 O-O-O 15. Na3 d5 16. Nc2 Rxh8 17. Qxh8+ Kd7 18. Qd4 Qe6 19. Rxe2 Qxe2 20.
Qxd5+ Ke8 21. Re1 Qe7 22. Qxf7+ Kxf7 23. Rxe7+ Kxe7 24. b4 Bb6 1-0

[Event "?"]
[Site "?"]
[Date "2011.06.03"]
[Round "5.1"]
[White "Vogel, Uwe"]
[Black "Böse, Martin"]
[Result "1/2-1/2"]
[WhiteElo "1339"]
[BlackElo "1436"]
[PlyCount "45"]
[EventDate "2011.??.??"]
[WhiteTeam "SC Gross-Sachsenheim"]

1. Nf3 Nf6 2. g3 d6 3. d3 g6 4. Bg2 Bg7 5. O-O O-O 6. Nbd2 e5 7. e4 Re8 8. Re1
Nc6 9. Nf1 Bd7 10. c3 Qc8 11. Bg5 Bh3 12. Qd2 Bxg2 13. Kxg2 Nd8 14. Bh6 Ng4 15.
Bxg7 Kxg7 16. d4 f6 17. dxe5 fxe5 18. Ne3 Rf8 19. h3 Nf6 20. Nd5 h6 21. Nxf6
Rxf6 22. Nh2 g5 23. Re3 1/2-1/2

[Event "?"]
[Site "?"]
[Date "2011.06.03"]
[Round "5.2"]
[White "Graf, Maximilian"]
[Black "Su, Kai"]
[Result "1-0"]
[WhiteElo "1494"]
[BlackElo "1395"]
[PlyCount "55"]
[EventDate "2011.??.??"]
[WhiteTeam "SK e4 Gerlingen"]
[BlackTeam "Spvgg Böblingen"]

1. e4 c5 2. Nf3 d6 3. d4 cxd4 4. Nxd4 Nf6 5. Nc3 a6 6. Be2 Bd7 7. Be3 Nc6 8.
Qd2 Rc8 9. f4 e5 10. Nb3 Qc7 11. O-O Be7 12. f5 b5 13. a3 Qb7 14. Bg5 Nb8 15.
Bxf6 Qb6+ 16. Kh1 Bxf6 17. Rad1 Be7 18. Nd5 Qc6 19. Nxe7 Kxe7 20. Qg5+ Kf8 21.
f6 Be6 22. fxg7+ Kg8 23. gxh8=Q+ Kxh8 24. Bd3 Nd7 25. Rf3 Rg8 26. Qh4 Bg4 27.
Rxf7 Nf8 28. Qf6+ 1-0

[Event "?"]
[Site "?"]
[Date "2011.06.03"]
[Round "5.3"]
[White "Konz, Andreas"]
[Black "Su, Jahn"]
[Result "0-1"]
[WhiteElo "1255"]
[BlackElo "1474"]
[PlyCount "72"]
[EventDate "2011.??.??"]
[WhiteTeam "SV Marbach"]
[BlackTeam "Spvgg Böblingen"]

1. d4 d5 2. c4 c6 3. Nc3 Nf6 4. Nf3 e6 5. a3 dxc4 6. e4 b5 7. Bf4 Be7 8. Be2
O-O 9. O-O Na6 10. Qc2 Nc7 11. b3 cxb3 12. Qxb3 a6 13. Rfd1 Bb7 14. Qc2 Nh5 15.
Be3 g6 16. Bh6 Ng7 17. e5 Nd5 18. Qd3 Re8 19. Bxg7 Kxg7 20. Nxd5 Qxd5 21. Qe3
Qd7 22. h4 Qd8 23. g3 Qb6 24. Qf4 h6 25. g4 Rh8 26. Kg2 Rad8 27. Kg3 c5 28.
dxc5 Qxc5 29. Rac1 Qxa3 30. Rxd8 Rxd8 31. Rc7 Bxf3 32. Bxf3 Qb4 33. Qc1 a5 34.
Rc8 g5 35. hxg5 Bxg5 36. Rxd8 Bxc1 0-1

[Event "?"]
[Site "?"]
[Date "2011.06.03"]
[Round "5.5"]
[White "Reichmann, Bernd"]
[Black "Basaran, Mehmet"]
[Result "0-1"]
[WhiteElo "1165"]
[BlackElo "1456"]
[PlyCount "66"]
[EventDate "2011.??.??"]
[WhiteTeam "SV Fellbach"]
[BlackTeam "SV Unterkochen"]

1. e4 e5 2. Nf3 Nc6 3. Bb5 a6 4. Bxc6 dxc6 5. h3 Bd6 6. O-O Be6 7. Re1 f6 8. c3
c5 9. d4 exd4 10. cxd4 cxd4 11. Nxd4 Qd7 12. Nxe6 Qxe6 13. Qd5 Qxd5 14. exd5+
Ne7 15. a3 O-O-O 16. Nc3 Rhe8 17. Be3 Be5 18. Rad1 Bxc3 19. bxc3 Nxd5 20. c4
Nxe3 21. Rxd8+ Kxd8 22. Rxe3 Rxe3 23. fxe3 Kd7 24. Kf2 Kd6 25. Ke2 Kc5 26. Kd3
b5 27. cxb5 axb5 28. e4 Kd6 29. h4 h5 30. g3 c5 31. Kc3 b4+ 32. axb4 cxb4+ 33.
Kxb4 Ke5 0-1

[Event "?"]
[Site "?"]
[Date "2011.06.03"]
[Round "5.6"]
[White "Dallinger, Moritz"]
[Black "Merk, Daniel"]
[Result "1-0"]
[WhiteElo "1489"]
[BlackElo "1126"]
[PlyCount "65"]
[EventDate "2011.??.??"]
[WhiteTeam "SV Stuttgart-Wolfbusch 1956 e.V."]
[BlackTeam "Schach-Pinguine Murrhardt e.V."]

1. e4 e5 2. Nf3 Nc6 3. Bb5 d6 4. O-O Bd7 5. c3 Nf6 6. Re1 Be7 7. d4 exd4 8.
cxd4 O-O 9. Nc3 a6 10. Ba4 b5 11. Bc2 Bg4 12. h3 Bxf3 13. gxf3 Qd7 14. e5 Nh5
15. Qd3 g6 16. exd6 Bxd6 17. Qf1 Nxd4 18. Be4 Rab8 19. Rd1 Nc6 20. f4 Nxf4 21.
Bxf4 Qe8 22. Nd5 Kg7 23. Bxd6 cxd6 24. Bg2 Qe5 25. Qe1 Qg5 26. Qc3+ Ne5 27. f4
Qf5 28. fxe5 dxe5 29. Rf1 Qe6 30. Rf6 Qd7 31. Qxe5 Kg8 32. Ne7+ Kg7 33. Rxg6#
1-0

[Event "?"]
[Site "?"]
[Date "2011.06.03"]
[Round "5.7"]
[White "Yaka, Fatih"]
[Black "Bitzel, Hubert"]
[Result "0-1"]
[WhiteElo "1036"]
[BlackElo "1494"]
[PlyCount "118"]
[EventDate "2011.??.??"]
[WhiteTeam "SK Bebenhausen 1992"]
[BlackTeam "TSF Ditzingen"]

1. c3 e5 2. e4 d6 3. d4 Nd7 4. Nf3 Be7 5. Qc2 c6 6. Bd3 h6 7. Be3 Ngf6 8. h3
O-O 9. Nbd2 a5 10. Nh2 Kh8 11. f4 Nh5 12. fxe5 Bh4+ 13. Kd1 dxe5 14. Nhf3 Bg3
15. Nf1 Bf4 16. Qf2 Bxe3 17. Nxe3 Nf4 18. Bc2 Ng6 19. h4 f6 20. Ke1 Qb6 21. b3
Nf4 22. Rd1 Qc7 23. g3 Ne6 24. Qd2 exd4 25. cxd4 Qxg3+ 26. Ke2 Nf4+ 27. Kf1
Qxf3+ 28. Ke1 Qxh1+ 29. Nf1 Qxh4+ 30. Qf2 Ng2+ 31. Ke2 Qg4+ 32. Kd2 Qf4+ 33.
Qxf4 Nxf4 34. Ke3 g5 35. Rd2 Kg7 36. Ng3 Nb6 37. Nf5+ Bxf5 38. e5 Nbd5+ 39. Kf2
Bxc2 40. Rxc2 fxe5 41. dxe5 Nd3+ 42. Ke2 Nxe5 43. Rd2 Rae8 44. Kd1 Rf1+ 45. Kc2
Nb4+ 46. Kc3 Rf3+ 47. Kb2 Ned3+ 48. Kc3 Ne1+ 49. Kb2 Rd3 50. Rf2 Nf3 51. a3
Rd2+ 52. Rxd2 Nxd2 53. axb4 axb4 54. Kc1 Nxb3+ 55. Kb2 Re3 56. Ka2 c5 57. Kb2
c4 58. Kc2 Re2+ 59. Kd1 Rd2+ 0-1

[Event "?"]
[Site "?"]
[Date "2011.06.03"]
[Round "5.8"]
[White "Winterkorn, Nikolaus"]
[Black "Erben, Katrin"]
[Result "0-1"]
[WhiteElo "1487"]
[BlackElo "1266"]
[PlyCount "97"]
[EventDate "2011.??.??"]
[WhiteTeam "DJK Sportbund Stuttgart e.V."]
[BlackTeam "SV Stuttgart-Wolfbusch 1956 e.V."]

1. Nf3 d5 2. d4 Nc6 3. e3 Nf6 4. Nbd2 Bf5 5. a3 e6 6. Bb5 Qd6 7. Ne5 Be7 8. c4
a6 9. c5 Qd8 10. Bxc6+ bxc6 11. Nxc6 Qc8 12. Nxe7 Kxe7 13. h3 Rd8 14. O-O Rb8
15. Nf3 Kf8 16. Ne5 c6 17. Qa4 Rb5 18. Qd1 Ne4 19. g4 f6 20. Nf3 Bg6 21. b4 Qc7
22. Kg2 a5 23. bxa5 Rxa5 24. Bd2 Nxd2 25. Nxd2 e5 26. Nb3 Rb5 27. a4 Rb4 28. a5
Rdb8 29. Ra3 Qb7 30. a6 Qb5 31. a7 Ra8 32. Re1 Qb7 33. Nc1 Rxa7 34. Rxa7 Qxa7
35. Re2 Rb1 36. Qd2 Qa3 37. Re1 Rb2 38. Qd1 Bc2 39. Qf3 Be4 40. Qxe4 dxe4 41.
Ne2 Qa2 42. Kf1 Rb1 43. Ng3 Rxe1+ 44. Kxe1 exd4 45. exd4 Qb1+ 46. Ke2 Qd3+ 47.
Ke1 Qxd4 48. Kf1 Qxc5 49. Nxe4 0-1

[Event "?"]
[Site "?"]
[Date "2011.06.03"]
[Round "5.9"]
[White "Watz, Roland"]
[Black "Thomas, Leonhard"]
[Result "1/2-1/2"]
[WhiteElo "1121"]
[BlackElo "1279"]
[PlyCount "69"]
[EventDate "2011.??.??"]
[WhiteTeam "SC Böblingen 1975 e.V."]
[BlackTeam "SV Fellbach"]

1. e4 e5 2. f4 exf4 3. Nf3 Nc6 4. d4 d5 5. e5 f6 6. Bxf4 fxe5 7. dxe5 Be6 8.
Bb5 Qd7 9. Nc3 Nge7 10. Qd2 O-O-O 11. Nd4 a6 12. Nxe6 Qxe6 13. Ba4 Ng6 14. Bg3
Ncxe5 15. O-O-O Bb4 16. Bb3 Nc4 17. Qd3 Bxc3 18. Qxc3 Qe3+ 19. Qxe3 Nxe3 20.
Rd2 Nc4 21. Rd3 Nb6 22. Rf1 c6 23. Rf7 Rhg8 24. Rc7+ Kb8 25. Rxg7+ Ka8 26. Rxh7
Rgf8 27. Bc7 Rd7 28. Rxd7 Nxd7 29. Rg3 Nde5 30. Rg5 Nf7 31. Rf5 Nh6 32. Rxf8+
Nxf8 33. Be5 Ng6 34. Bg3 Nf5 35. Bf2 1/2-1/2